00498nam a2200133Ia 4500008004100000082002100041100001800062245009500080260003700175300001000212942001300222999001900235952011000254210430s9999 xx 000 0 und d a620.110285 L622I aLesar Richard aIntroduction To Computational Materials Science Fundamentals To ApplicationcLesar Richard aCambridge University Pressc2013 a21cm. cREF2ddc c565811d565811 001040708REFaSCMEbSCMEcREFd0000-00-00l0o620.110285 L622IpSCME-4760r2021-04-30w2021-04-30yREF